| 000 | 00493nam a2200181 a 4500 | ||
|---|---|---|---|
| 005 | 20230527063522.0 | ||
| 008 | 991125s1981 ea 000 0 eng u | ||
| 020 | _a0024713600 | ||
| 035 | _aUPN01000000976 | ||
| 049 | _aCG | ||
| 050 | 4 |
_aBF724 _bB4.3 |
|
| 100 | 1 | _aBerzonsky, Michael D. | |
| 245 | 1 | 0 |
_aAdolescent development / _cMichael D. Berzonsky. |
| 260 |
_aNew York : _bMacMillan, _c1981. |
||
| 300 |
_axvi, 615 p. : _bil. |
||
| 650 | 4 |
_aPsicologĂa del adolescente _91013 |
|
| 905 | _aLibro | ||
| 999 |
_c976 _d976 |
||